000 00673nam a22001937a 4500
005 20251108164122.0
008 250721s2000 xx 000 0 ara d
082 1 4 _a910/حسن
100 1 _aحسن، محمد إبراهيم
245 1 0 _aالشرق الأوسط و حوض البحر الأحمر :
_bدراسات في المقومات... /
264 1 _aالاسكندرية :
_bمركز الاسكندرية للكتاب،
_c2000.
300 _a675ص
650 1 7 _aالجغرافيا
650 1 7 _aالبلدان العربية
650 1 7 _aالجغرافيا البشرية
650 1 7 _aالجغرافيا الطبيعية
942 _2ddc
_cBK
999 _c4085
_d4085